20 More Famous Celebrity Mug Shots Quiz Stats

 Plays Quiz Updated Feb 3, 2014

     
Support Sporcle.
Go Orange.
Score 0/20 Timer 04:00
1 Play Today
Picture Celebrity % Correct
Justin Bieber
97.2%
Paris Hilton
89.6%
Charlie Sheen
88.7%
Nicolas Cage
87.7%
Bruno Mars
75.8%
Russell Brand
70.3%
Kiefer Sutherland
68.6%
Kid Rock
61.4%
Amanda Bynes
57.3%
Woody Harrelson
56.4%
Picture Celebrity % Correct
Tim Allen
51.2%
Vanilla Ice
40.9%
Matthew McConaughey
39.3%
Nick Carter
33.9%
Steve McQueen
32.1%
Randy Travis
29.6%
Roger Clemens
27.7%
Josh Brolin
24.2%
Vince Neil
16.9%
Tom DeLay
6.2%

From the Vault

Movies Hidden in Movies

by DarkPhalanx

Movies 8m
Come out, come out, wherever you are.
Remove Ads.
Support Sporcle.
Get the best of Sporcle when you Go Orange. This ad-free experience offers more features, more stats, and more fun while also helping to support Sporcle. Thank you for becoming a member.

Show Comments

Extras

Top Quizzes Today


Score Distribution

Your Account Isn't Verified!

In order to create a playlist on Sporcle, you need to verify the email address you used during registration. Go to your Sporcle Settings to finish the process.

Report this User

Report this user for behavior that violates our Community Guidelines.

Details: